000 00429cam a2200169 i 4500
020 _a058260303X :
040 _cDLC
082 0 0 _a633 LON 1978 A052 Or.
100 1 _aHumphreys, L. R.
245 1 0 _aTropical pastures and fodder crops /
260 _aLondon :
_bLongman Group,
_c1978.
300 _aviii, 135 p. :
_bill. ;
_c22 cm.
650 0 _aPastures
650 0 _aForage plants
650 0 _aTropical crops.
942 _cEK
999 _c14749
_d14749